इक़बाल: (Record no. 62989)
[ view plain ]
| 000 -LEADER | |
|---|---|
| fixed length control field | 00899nam a22001937a 4500 |
| 005 - DATE AND TIME OF LATEST TRANSACTION | |
| control field | 20180911143028.0 |
| 010 ## - LCCN (DPL NO) | |
| LC control number | HIN-95508 B-702211-217 |
| 020 ## - INTERNATIONAL STANDARD BOOK NUMBER | |
| Terms of availability | 395.00 |
| International Standard Book Number | 9788186919637 |
| 035 ## - SYSTEM CONTROL NUMBER | |
| System control number | HN-67854 |
| 035 ## - SYSTEM CONTROL NUMBER | |
| System control number | B-702211-217 |
| 037 ## - SOURCE OF ACQUISITION | |
| Source of stock number/acquisition | DBAD / PUB |
| 082 ## - DEWEY DECIMAL CLASSIFICATION NUMBER | |
| Classification number | 821 |
| 245 ## - TITLE STATEMENT | |
| Title | इक़बाल: |
| Remainder of title | राजेन्द्र टोकी द्वारा संपादित |
| Statement of responsibility, etc | जीवन और शायरी / |
| 260 ## - PUBLICATION, DISTRIBUTION, ETC. (IMPRINT) | |
| Place of publication, distribution, etc | दिल्ली |
| Name of publisher, distributor, etc | साहित्य भारती |
| Date of publication, distribution, etc | 2017 |
| 270 ## - ADDRESS | |
| City | दिल्ली |
| Postal code | 110051 |
| Address | के-71, कृष्ण नगर, |
| 300 1# - PHYSICAL DESCRIPTION | |
| Extent | 200पृ. |
| Dimensions | 22सेमी (सजिल्द) |
| 942 ## - ADDED ENTRY ELEMENTS (KOHA) | |
| Source of classification or shelving scheme | Dewey Decimal Classification |
| Item type | Hindi Books |
| Call number suffix | इक़बा |
| Classification part | 821 |
| Withdrawn status | Lost status | Not for loan | Collection code | Home library | Current library | Date acquired | Source of acquisition | Cost, normal purchase price | Full call number | Barcode | Copy number | Cost, replacement price | Koha item type |
|---|---|---|---|---|---|---|---|---|---|---|---|---|---|
| Fiction | Ashok Vihar | Ashok Vihar | 11/09/2018 | Indraprastha Prakashan/1014/14-05-18/63/25-04-18/20-08-18 | 395.00 | 821 इक़बा | B-702217 | 1 | 395.00 | Hindi Books | |||
| Fiction | Central Library | Central Library | 11/09/2018 | Indraprastha Prakashan/1014/14-05-18/63/25-04-18/20-08-18 | 395.00 | 821 इक़बा | B-702211 | 1 | 395.00 | Hindi Books | |||
| Not For Loan | Non-fiction | D.B.Act.Division | D.B.Act.Division | 16/02/2012 | DBAD/PUB | 300.00 | 920 इक़बा | HN-67854 | 1 | 300.00 | Hindi Books | ||
| Fiction | Mobile Library | Mobile Library | 11/09/2018 | Indraprastha Prakashan/1014/14-05-18/63/25-04-18/20-08-18 | 395.00 | 821 इक़बा | B-702212 | 4 | 395.00 | Hindi Books | |||
| Fiction | Mobile Library | Mobile Library | 11/09/2018 | Indraprastha Prakashan/1014/14-05-18/63/25-04-18/20-08-18 | 395.00 | 821 इक़बा | B-702213 | 4 | 395.00 | Hindi Books | |||
| Fiction | Mobile Library | Mobile Library | 11/09/2018 | Indraprastha Prakashan/1014/14-05-18/63/25-04-18/20-08-18 | 395.00 | 821 इक़बा | B-702214 | 4 | 395.00 | Hindi Books | |||
| Fiction | Mobile Library | Mobile Library | 11/09/2018 | Indraprastha Prakashan/1014/14-05-18/63/25-04-18/20-08-18 | 395.00 | 821 इक़बा | B-702215 | 4 | 395.00 | Hindi Books | |||
| Fiction | New Police Line | New Police Line | 11/09/2018 | Indraprastha Prakashan/1014/14-05-18/63/25-04-18/20-08-18 | 395.00 | 821 इक़बा | B-702216 | 1 | 395.00 | Hindi Books |
